000 00957cam a2200277 a 4500
001 16826233
005 20180216080733.0
008 110614s2011 nyuab b 001 0 eng
010 _a 2011025108
020 _a9780073384030 (pbk. : acidfree paper)
020 _a0073384038 (pbk. : acidfree paper)
020 _a9780077397357
020 _a0077397355
040 _aDLC
_cDLC
_dDLC
041 _aeng
042 _apcc
080 _a808.042
082 0 0 _a808.042 MAI
_223
100 1 _a46
101 _aEDU
245 1 2 _aA writer's resource :
_cElaine P. Maimon, Janice H. Peritz, Kathleen Blake Yancey.
504 _aIncludes bibliographical references and index.
906 _a7
_bcbc
_corignew
_d1
_eecip
_f20
_gy-gencatlg
942 _2ddc
_cBK
999 _c42826
_d42826